[Event "Wch U10"]
[Site "Batumi"]
[Date "2022.09.26"]
[Round "10"]
[White "Borodkin, Yan"]
[Black "Amanov, Asad"]
[Result "0-1"]
[WhiteElo "1080"]
[BlackElo "1264"]
[PlyCount "96"]
[EventDate "2022.09.16"]
[EventType "swiss"]
[EventRounds "11"]
[EventCountry "GEO"]
[SourceTitle "EXT 2023"]
[Source "ChessBase"]
[SourceDate "2022.10.05"]
[SourceVersion "1"]
[SourceVersionDate "2022.10.05"]
[SourceQuality "1"]

1. e4 c5 2. Nf3 a6 3. d4 cxd4 4. Nxd4 Nf6 5. Nc3 e5 6. Nf3 Bb4 7. Bd3 d5 8. 0-0 Bxc3 9. bxc3 dxe4 10. Bc4 Qxd1 11. Rxd1 exf3 12. gxf3 Nc6 13. Ba3 Bf5 14. Rd2 Be6 15. Bxe6 fxe6 16. Rd6 Kf7 17. Rd2 Rhd8 18. Re2 Rd7 19. Kg2 Rad8 20. Rb1 Nd5 21. Ree1 b5 22. c4 bxc4 23. Bc5 Nc3 24. Rb6 Nb8 25. Rb4 Nd5 26. Ra4 Rc7 27. Ba3 Kf6 28. Bb2 c3 29. Bc1 g5 30. Rae4 Nc6 31. Ra4 Ncb4 32. Re2 Rc6 33. h4 h6 34. hxg5+ hxg5 35. Kg3 Rb6 36. Kg4 Nf4 37. Re1 Rh8 38. Ra5 Rb5 39. Ra4 Nbd5 40. Ree4 Rh4+ 41. Kg3 Kf5 42. Bxf4 Nxf4 43. Rxf4+ exf4+ 44. Kg2 Rb1 45. Ra5+ e5 46. a4 Rhh1 47. Rxe5+ Kxe5 48. a5 Rbg1# 0-1